Sentido y lm̕ites de la discrecionalidad judicial

Bibliographic Details
Main Author: Segura Ortega, Manuel
Format: eBook
Language:Spanish
Published: Madrid: Editorial Universitaria Ramn̤ Areces, 2006
Subjects:
Online Access:Acceso restringido

MARC

LEADER 00000nam a22000007a 4500
005 20150518215953.0
007 cr|||| ||||
008 150518s2006 es |||||s|||| 00||0 spa d
020 |a 978-84-8004-734-8 
035 |a 12700 
040 |a vLex 
090 |c 5431  |d 5431 
100 1 |a Segura Ortega, Manuel 
245 1 0 |a Sentido y lm̕ites de la discrecionalidad judicial  |h [Recurso electrn̤ico] /  |c Manuel Segura Ortega 
256 |a Servicio en ln̕ea 
260 |a Madrid:  |b Editorial Universitaria Ramn̤ Areces,  |c 2006 
300 |a 1 recurso electrn̤ico 
506 1 |a Disponible solo en los productos indicados  |d vLex Global  |d vLex Global (Academic Edition, excluding Law Schools)  |d vLex Global (U.S. Academic Edition, Law Schools)  |d vLex Global (U.S. Academic Edition, excluding Law Schools)  |d vLex Global (Academic Edition, Law Schools) 
650 0 4 |a Poder Judicial  |z Espaą 
740 0 |a vLex Libros (Servicio en ln̕ea) 
856 4 0 |u http://vlex.com/source/sentido-limites-discrecionalidad-judicial-12700  |z Acceso restringido 
942 |c BOOK 
999 0 |a Judiciary